00511nam a2200169Ia 450000500170000000800410001702000150005808200130007310000140008624500300010026000360013030000130016650000430017994200060022295200980022899900150032620250704033220.0240331s9999 xx 000 0 und d a9555910154 bVITa954 aVithana,G 0aSigiri geeye samaja dakma aColombobLassana Printersc1992 a102 p ., aThe Social Vision Of the Sigiriya Song cL 001040708LaWERCLbWERCLcSSCd2024-03-31l0o 954.93 VITp3343r2024-03-31w2024-03-31yL c5300d5300